Neuro imaging / (رقم التسجيلة. 21856)

تفاصيل مارك
000 -الفاتح
حقل البيانات ثابتة الطول 03030cam a22003854a 4500
001 - رقم الضبط
رقم الضبط 16241424
003 - محدد رقم الضبط
رقم الضبط OSt
005 - وقت وتاريخ اخر تعامل مع التسجيلة
رقم الضبط 20150408114019.0
008 - عناصر البيانات ثابتة الطول - معلومات عامة
حقل البيانات ثابتة الطول 100517s2011 nyua b 001 0 eng
010 ## - رقم ضبط مكتبة الكونجرس
رقم ضبط مكتبة الكونجرس 2010020830
016 7# - رقم ضبط الوكاله الوطنية للضبط الببليوجرافي
رقم ضبط التسجيلة 101531052
المصدر DNLM
020 ## - الرقم الدولى المعيارى للكتب
الرقم الدولى المعيارى للكتاب 9781604061895
020 ## - الرقم الدولى المعيارى للكتب
الرقم الدولى المعيارى للكتاب 1604061898
035 ## - رقم ضبط النظام
رقم ضبط النظام (OCoLC)ocn624405598
040 ## - مصدر الفهرسة
وكالة الفهرسة الأصلية DNLM/DLC
وكالة النسخ DLC
وكالة التعديل BTCTA
-- YDXCP
-- OHX
-- NLM
-- C#P
-- CDX
-- DLC
042 ## - رمز التحقق
رمز التحقق pcc
050 10 - رقم طلب مكتبة الكونجرس
رقم التصنيف RC349.R3
رقم المادة N33 2011
082 00 - رقم تصنيف ديوى العشرى
رقم التصنيف 616.8047
رقم الطبعة 22
245 00 - بيان العنوان
العنوان Neuro imaging /
بيان المسئوليه,etc edited by Roy Riascos, Eliana Bonfante.
260 ## - PUBLICATION, DISTRIBUTION, ETC. (IMPRINT)
مكان الناشر او الموزع New York :
اسم الناشر او الموزع Thieme,
تاريخ النشر أو التوزيع c2011.
300 ## - الوصف المادى
التعداد 212 p. :
تفاصيل ماديه اخرى للوعاء ill. ;
أبعاد الوعاء 28 cm.
490 1# - بيان السلسلة
عنوان السلسلة RadCases
504 ## - تبصرة ببليوجرافية
تبصرة ببليوجرافية,الخ Includes bibliographical references and index.
520 ## - التبصرة الخاصة بالتعليق أو التلخيص
ملخص,الخ This book is not intended to teach neuroradiology--it is only a review of the most frequent pathologies and serves as a tool to be able to tell them apart. Of course, telling them apart is not always possible, and that is the whole trick of giving a pertinent set of differential diagnoses and trying to favor one over the other. Our advice is to always look at the first image and try to describe as much as you can, as if it was the only image you had available, then go through the rest of the images and see if the thought process was similar. It would be impossible to include all the pertinent differential diagnoses for each case with the format limitation of three differential diagnoses per case. This way of teaching imaging analysis can both be similar to and very different from your daily clinical practice. Often, the pertinent finding or telltale sign to achieve a diagnosis lies in just a few of the images within an entire examination; however, you have to see the entire case and find these. Here, images that have been deemed key by someone else are selected, giving you the advantage of a focused search but the limitation of a narrow representation. You may find yourself frustrated by offering a totally different differential diagnosis from the one presented to you here, but be aware that the same case can have a completely different approach based on the way it is presented, the order of the images, or the finding in which you are focusing your process of thought. Additional references are provided to help you widen the scope of your review, especially in subjects that you may find more challenging or controversial--Provided by publisher.
650 #0 - المدخل الاضافى بالموضوع-مصطلح موضوعى
مصطلح موضوعي أو اسم جغرافي كعنصر مدخل Nervous system
التقسيم الفرعي العام Radiography
التقسيم الفرعي الشكلي Case studies.
9 (RLIN) 11185
650 12 - المدخل الاضافى بالموضوع-مصطلح موضوعى
مصطلح موضوعي أو اسم جغرافي كعنصر مدخل Central Nervous System Diseases
التقسيم الفرعي العام radiography
التقسيم الفرعي الشكلي Case Reports.
9 (RLIN) 11186
650 22 - المدخل الاضافى بالموضوع-مصطلح موضوعى
مصطلح موضوعي أو اسم جغرافي كعنصر مدخل Central Nervous System
التقسيم الفرعي العام radiography
التقسيم الفرعي الشكلي Case Reports.
9 (RLIN) 11187
650 22 - المدخل الاضافى بالموضوع-مصطلح موضوعى
مصطلح موضوعي أو اسم جغرافي كعنصر مدخل Diagnostic Techniques, Neurological
التقسيم الفرعي الشكلي Case Reports.
9 (RLIN) 11188
700 1# - المدخل الاضافى - اسم شخصى
الإسم الشخصى Riascos, Roy.
9 (RLIN) 11189
700 1# - المدخل الاضافى - اسم شخصى
الإسم الشخصى Bonfante, Eliana.
9 (RLIN) 11190
830 #0 - المدخل الاضافى بالسلسلة -عنوان موحد
عنوان موحد RadCases.
9 (RLIN) 11168
856 42 - الوصول و الموقع الالكترونى
مواد محددة Publisher description
معرف المصدر الموحد <a href="http://www.loc.gov/catdir/enhancements/fy1201/2010020830-d.html">http://www.loc.gov/catdir/enhancements/fy1201/2010020830-d.html</a>
942 ## - عناصر المدخل الإضافي( كوها)
مصدر التصنيف او مخطط الترفيف Dewey Decimal Classification
Koha [default] item type كتاب
المقتنيات
حالة الفقد نموذج السعر الفعال حالة تلف ليس للاعارة رقم الطلب تاريخ الاكتساب الموقع الحالي الباركود الفرع الرئيسي Date last seen نوع المادة فى نظام كوها مصدر التصنيف او خطة الترفيف Total Checkouts
  2013-03-10     616.8047 N E I 2012-04-17 مكتبة مجمع الطالبات بالمجمعة (EMF) 00076596 مكتبة مجمع الطالبات بالمجمعة (EMF) 2013-03-10 كتاب Dewey Decimal Classification  
  2013-03-10     616.8047 N E I 2012-04-17 مكتبة مجمع الطالبات بالمجمعة (EMF) 00076599 مكتبة مجمع الطالبات بالمجمعة (EMF) 2013-03-10 كتاب Dewey Decimal Classification  
  2013-03-10     616.8047 N E I 2012-04-17 مكتبة مجمع الطالبات بالمجمعة (EMF) 00076598 مكتبة مجمع الطالبات بالمجمعة (EMF) 2013-03-10 كتاب Dewey Decimal Classification  
  2013-03-10     616.8047 N E I 2012-04-17 مكتبة مجمع الطالبات بالمجمعة (EMF) 00076597 مكتبة مجمع الطالبات بالمجمعة (EMF) 2013-03-10 كتاب Dewey Decimal Classification